<?xml version="1.0" encoding="UTF-8"?>
<record
    xmlns:xsi="http://www.w3.org/2001/XMLSchema-instance"
    xsi:schemaLocation="http://www.loc.gov/MARC21/slim http://www.loc.gov/standards/marcxml/schema/MARC21slim.xsd"
    xmlns="http://www.loc.gov/MARC21/slim">

  <leader>00806nam a2200181Ia 4500</leader>
  <controlfield tag="008">151202s9999||||xx |||||||||||||| ||und||</controlfield>
  <datafield tag="082" ind1=" " ind2=" ">
    <subfield code="b">PNVM-82046</subfield>
  </datafield>
  <datafield tag="100" ind1=" " ind2=" ">
    <subfield code="a">&#x91A;&#x901;&#x917; &#x92F;&#x941;&#x902;&#x917;/&#x905;&#x928;&#x941;-&#x92C;&#x93E;&#x92A;&#x91F; &#x935;&#x93F;&#x91C;&#x92F;&#x93E;.</subfield>
  </datafield>
  <datafield tag="245" ind1=" " ind2=" ">
    <subfield code="a">&#x92E;&#x941;&#x915;&#x94D;&#x924; &#x935;&#x93F;&#x939;&#x902;&#x917;-&#x91A;&#x940;&#x928;&#x91A;&#x94D;&#x92F;&#x93E; &#x924;&#x940;&#x928; &#x915;&#x928;&#x94D;&#x92F;&#x93E;.</subfield>
  </datafield>
  <datafield tag="260" ind1=" " ind2=" ">
    <subfield code="b">&#x92E;&#x947;&#x939;&#x924;&#x93E; &#x92A;&#x92C;&#x94D;&#x932;&#x93F;&#x940;&#x936;&#x93F;&#x902;&#x917; &#x939;&#x93E;&#x909;&#x938;.</subfield>
  </datafield>
  <datafield tag="260" ind1=" " ind2=" ">
    <subfield code="c">2013</subfield>
  </datafield>
  <datafield tag="300" ind1=" " ind2=" ">
    <subfield code="a">613</subfield>
  </datafield>
  <datafield tag="600" ind1=" " ind2=" ">
    <subfield code="a">&#x91A;&#x901;&#x917; &#x92F;&#x941;&#x902;&#x917;/&#x905;&#x928;&#x941;-&#x92C;&#x93E;&#x92A;&#x91F; &#x935;&#x93F;&#x91C;&#x92F;&#x93E;.</subfield>
  </datafield>
  <datafield tag="630" ind1=" " ind2=" ">
    <subfield code="a">&#x92E;&#x941;&#x915;&#x94D;&#x924; &#x935;&#x93F;&#x939;&#x902;&#x917;-&#x91A;&#x940;&#x928;&#x91A;&#x94D;&#x92F;&#x93E; &#x924;&#x940;&#x928; &#x915;&#x928;&#x94D;&#x92F;&#x93E;.</subfield>
  </datafield>
  <datafield tag="700" ind1=" " ind2=" ">
    <subfield code="a">&#x91A;&#x901;&#x917; &#x92F;&#x941;&#x902;&#x917;/&#x905;&#x928;&#x941;-&#x92C;&#x93E;&#x92A;&#x91F; &#x935;&#x93F;&#x91C;&#x92F;&#x93E;.</subfield>
  </datafield>
  <datafield tag="730" ind1=" " ind2=" ">
    <subfield code="a">&#x92E;&#x941;&#x915;&#x94D;&#x924; &#x935;&#x93F;&#x939;&#x902;&#x917;-&#x91A;&#x940;&#x928;&#x91A;&#x94D;&#x92F;&#x93E; &#x924;&#x940;&#x928; &#x915;&#x928;&#x94D;&#x92F;&#x93E;.</subfield>
  </datafield>
  <datafield tag="942" ind1=" " ind2=" ">
    <subfield code="c">BOOK</subfield>
  </datafield>
  <datafield tag="999" ind1=" " ind2=" ">
    <subfield code="c">1346654</subfield>
    <subfield code="d">1346651</subfield>
  </datafield>
  <datafield tag="952" ind1=" " ind2=" ">
    <subfield code="0">0</subfield>
    <subfield code="1">0</subfield>
    <subfield code="4">0</subfield>
    <subfield code="7">0</subfield>
    <subfield code="a">PNVM</subfield>
    <subfield code="b">PNVM</subfield>
    <subfield code="d">2015-06-21</subfield>
    <subfield code="g">0.00</subfield>
    <subfield code="l">0</subfield>
    <subfield code="o">PNVM-82046</subfield>
    <subfield code="p">PNVM-82046</subfield>
    <subfield code="r">2015-12-02 00:00:00</subfield>
    <subfield code="v">0.00</subfield>
    <subfield code="w">2015-12-02</subfield>
    <subfield code="y">BOOK</subfield>
  </datafield>
</record>
